ბათუმის შოთა რუსთაველის სახელმწიფო უნივერსიტეტის ბიბლიოთეკა

მზის ამოსვლის წინ; გონებისათვის (ბიბ.ჩანაწერი № 49781)

000 -LEADER
fixed length control field 00976nam a2200253Ia 4500
001 - CONTROL NUMBER
control field 16716
003 - CONTROL NUMBER IDENTIFIER
control field GE_BSU
008 - FIXED-LENGTH DATA ELEMENTS--GENERAL INFORMATION
fixed length control field 181216s||||||||xx |||||||||||||| ||und||
040 ## - CATALOGING SOURCE
Transcribing agency GE_BSU
080 ## - UNIVERSAL DECIMAL CLASSIFICATION NUMBER
Universal Decimal Classification number 821.161.1-32 + 821.161.1.09
100 ## - MAIN ENTRY--PERSONAL NAME
Personal name ზოშჩენკო, მ.
245 ## - TITLE STATEMENT
Title მზის ამოსვლის წინ; გონებისათვის
245 ## - TITLE STATEMENT
Remainder of title ნოველები
245 ## - TITLE STATEMENT
Statement of responsibility, etc. წინასიტყვ. ავტ.: ა. გელიგა] ; თარგმნა ე. თვარაძემ
260 ## - PUBLICATION, DISTRIBUTION, ETC.
Place of publication, distribution, etc. თბილისი
260 ## - PUBLICATION, DISTRIBUTION, ETC.
Name of publisher, distributor, etc. განათლება
260 ## - PUBLICATION, DISTRIBUTION, ETC.
Date of publication, distribution, etc. 1986
300 ## - PHYSICAL DESCRIPTION
Extent 240გვ. ; 20სმ
653 ## - INDEX TERM--UNCONTROLLED
Uncontrolled term გონებისათვის
653 ## - INDEX TERM--UNCONTROLLED
Uncontrolled term მზის ამოსვლის წინ
653 ## - INDEX TERM--UNCONTROLLED
Uncontrolled term ნოველები
653 ## - INDEX TERM--UNCONTROLLED
Uncontrolled term რუსული ლიტერატურის ისტორია და კრიტიკა
942 ## - ADDED ENTRY ELEMENTS (KOHA)
Koha item type წიგნი
ეგზემპლარები
Withdrawn status Lost status Damaged status Not for loan Date acquired Barcode Date last seen Price effective from Koha item type
        2018-12-17 21277 2018-12-17 2018-12-17 წიგნი
        2018-12-17 21278 2018-12-17 2018-12-17 წიგნი
        2018-12-17 21279 2018-12-17 2018-12-17 წიგნი